Bio-Intensive Approaches: (Record no. 52278)

MARC details
000 -LEADER
fixed length control field 00811nam a22002537a 4500
003 - CONTROL NUMBER IDENTIFIER
control field OSt
008 - FIXED-LENGTH DATA ELEMENTS--GENERAL INFORMATION
fixed length control field 260624b |||||||| |||| 00| 0 eng d
020 ## - INTERNATIONAL STANDARD BOOK NUMBER
International Standard Book Number 9788170196266
082 ## - DEWEY DECIMAL CLASSIFICATION NUMBER
Classification number 632.96
Item number K45B
245 ## - TITLE STATEMENT
Title Bio-Intensive Approaches:
Remainder of title Application and Effectiveness in plant Nematodes, Insects and Weeds
Statement of responsibility, etc. Editers- Khan, Mujeebur R.
260 ## - PUBLICATION, DISTRIBUTION, ETC. (IMPRINT)
Place of publication, distribution, etc New Delhi
Name of publisher, distributor, etc TTPP, New Delhi
Date of publication, distribution, etc 2019
300 ## - PHYSICAL DESCRIPTION
Extent 678 p.
650 ## - SUBJECT ADDED ENTRY--TOPICAL TERM
Topical term or geographic name as entry element Plant diseases Biological control.
650 ## - SUBJECT ADDED ENTRY--TOPICAL TERM
Topical term or geographic name as entry element Sustainable agriculture Evaluation.
650 ## - SUBJECT ADDED ENTRY--TOPICAL TERM
Topical term or geographic name as entry element Plant diseases, Prevention and control, Environmental aspects.
700 ## - ADDED ENTRY--PERSONAL NAME
Personal name Mukhopadhyay, A.N.
700 ## - ADDED ENTRY--PERSONAL NAME
Personal name Pandey, R.N.
700 ## - ADDED ENTRY--PERSONAL NAME
Personal name Thakur, M.P.
700 ## - ADDED ENTRY--PERSONAL NAME
Personal name Singh, Dinesh
700 ## - ADDED ENTRY--PERSONAL NAME
Personal name Siddiqui, M.A.
700 ## - ADDED ENTRY--PERSONAL NAME
Personal name Md. Akram,
700 ## - ADDED ENTRY--PERSONAL NAME
Personal name Haque, Ziaul
942 ## - ADDED ENTRY ELEMENTS (KOHA)
Source of classification or shelving scheme
Koha item type Books
Holdings
Withdrawn status Lost status Source of classification or shelving scheme Damaged status Not for loan Home library Current library Shelving location Date acquired Source of acquisition Currency Cost, normal purchase price Total Checkouts Full call number Barcode Date last seen Bill Date Koha item type Bill Number
          Dr. Rajendra Prasad Central Agricultural University Pusa, Dr. Rajendra Prasad Central Agricultural University Pusa, General Stacks 24/06/2026 TTPP, New Delhi INR 5995.00   632.96 K45B 87492 24/06/2026 29/01/2026 Books Invoice- IN-00449
Hosted, Implemented, Customized & Maintained by: BestBookBuddies

Powered by Koha